Pretty Little Liars (PLL) - Statistics

General Stats
  • This quiz has been taken 307 times
  • The average score is 36 of 76
Answer Stats
Noms Prénoms % Correct
Marin Hanna
100%
Montgomery Aria
99%
Dilaurentis Alison
98%
Hastings Spencer
98%
Fields Emily
97%
Fitz Ezra
96%
Dilaurentis Jason
94%
Vanderwal Mona
94%
Cavanaugh Toby
94%
Marshall Jenna
91%
Kahn Noel
89%
Hastings Melissa
88%
Rivers Caleb
86%
Montgomery Mike
85%
Marin Ashley
83%
Drake Cece
82%
Montgomery Ella
77%
Drake Alex
74%
Santiago Alex
74%
Fields Pam
73%
Montgomery Byron
71%
Dilaurentis Jessica
70%
Mccullers Paige
68%
Drake Mary
66%
Hastings Veronica
65%
Stgermain Maya
63%
Marin Tom
61%
Hastings Peter
58%
Thomas Ian
57%
Randall Kate
57%
Gottesman Lucas
57%
Harvey Sara
55%
Reynolds Garrett
51%
Wilden Darren
50%
Fields Wayne
49%
Kingstone Wren
49%
Ackard Sean
47%
Dilaurentis Kenneth
46%
Fitzgeralde Wesley
39%
Campbell Andrew
37%
Young Bethany
37%
Marin Isabel
37%
Lamb Eddie
35%
Cavanaugh Marion
35%
Fring Shana
32%
Dunhill Archer
31%
Driscoll Sydney
27%
Sullivan Anne
26%
Kahn Eric
26%
Molina Jackie
26%
Holbrook Gabriel
25%
Tanner Linda
25%
Coogan Ben
23%
Cook Samara
23%
James Lyndon
22%
Furey Marco
20%
Wilson Ted
20%
Petrillo Cyrus
18%
Strauss Holden
18%
Cutler Maggie
18%
Hobbs Travis
18%
Grunwald Carla
16%
Cutler Malcolm
16%
Fitzgeralde Dianne
15%
Marin Regina
15%
Phillips Yvonne
13%
Doyle Jamie
12%
Greene Liam
12%
Sandoval Talia
12%
Vanderwaal Leona
11%
Stone Lesli
11%
Gordon Nicole
10%
Hackett Arthur
9%
Hobart Jordan
9%
Potter Esther
8%
Crane Harold
4%
No matching quizzes found
Score Distribution
Percent of People with Each Score
Percentile by Number Answered
Your Score History
You have not taken this quiz